[Event "Challenge"]
[Site "http://www.queenalice.com/game.php?id=653850"]
[Date "2009.9.17"]
[Round "-"]
[White "pablonet"]
[Black "Jimbo48"]
[Result "0-1"]
[WhiteElo "1696"]
[BlackElo "1834"]

1. e4 e5 2. Nf3 d6 3. Bc4 h6 4. Nc3 Nf6 5. d3 Be7 6. Nd5 O-O 7. Bd2 Bg4 8. Bb4
Nc6 9. Nxe7+ Qxe7 10. a3 a5 11. Bc3 Qd7 12. h3 Bxf3 13. Qxf3 Nd4 14. Bxd4 exd4
15. O-O c6 16. Rfe1 b5 17. Bb3 a4 18. Ba2 Rfe8 19. c4 dxc3 20. bxc3 c5 21. Re2
b4 22. cxb4 cxb4 23. axb4 Rab8 24. d4 Rxb4 25. d5 Nxe4 26. Rae1 f5 27. Qh5 Kh7
28. Kh2 g6 29. Qf3 Rbb8 30. Qd3 Nxf2 31. Qd4 Rxe2 32. Rxe2 Ne4 33. Kg1 Qc7 34.
Qxa4 Nc3 0-1

[Event "Challenge"]
[Site "http://www.queenalice.com/game.php?id=655474"]
[Date "2009.9.20"]
[Round "-"]
[White "sunking"]
[Black "Jimbo48"]
[Result "0-1"]
[WhiteElo "1816"]
[BlackElo "1850"]

1. d4 d5 2. e3 e6 3. Nf3 Nc6 4. Ne5 Bd7 5. Bb5 Nf6 6. O-O Be7 7. c4 a6 8. Ba4
dxc4 9. Nc3 b5 10. Bc2 O-O 11. d5 Nxe5 12. e4 exd5 13. Nxd5 c6 14. Nb6 Qxb6 15.
Be3 c5 16. b4 cxb3 17. axb3 Qc7 18. f4 Neg4 19. Rf3 Nxe3 20. Rxe3 Qxf4 21. Qd2
Qe5 22. Rf1 b4 23. h3 Bd6 24. Kf2 Qf4+ 25. Ke1 Qh4+ 26. Rf2 Bf4 27. e5 Bxe3 28.
Qxe3 Rae8 29. Ke2 Bb5+ 30. Bd3 Nd5 31. Qe4 Nc3+ 32. Ke3 Nxe4 33. Bxe4 Qg5+ 34.
Rf4 Rxe5 35. h4 Qg3+ 36. Rf3 Qe1+ 37. Kf4 Rxe4+ 38. Kf5 g6+ 39. Kg5 Qxh4# 0-1

[Event "MAINE XVI"]
[Site "http://www.queenalice.com/game.php?id=656344"]
[Date "2009.9.22"]
[Round "-"]
[White "perucona"]
[Black "Jimbo48"]
[Result "0-1"]
[WhiteElo "1585"]
[BlackElo "1872"]

1. e4 e5 2. d4 d6 3. d5 h6 4. Nf3 Nf6 5. Nc3 Bd7 6. Bb5 c6 7. Be2 c5 8. Be3 Qb6
9. b3 Be7 10. O-O O-O 11. g3 Bh3 12. Re1 Nbd7 13. Na4 Qd8 14. Nh4 Nh7 15. Bf1
Bxf1 16. Kxf1 Bxh4 17. gxh4 Qxh4 18. Ke2 Qxe4 19. Qd2 Qg4+ 20. f3 Qg6 21. Nc3
Qg2+ 22. Bf2 Ng5 23. Rg1 Qxf3+ 24. Kf1 Qh3+ 25. Rg2 Nf3 26. Qe2 Nxh2+ 27. Kg1
Qxc3 28. Re1 Nf3+ 29. Kf1 Nxe1 30. Bxe1 Qh3 31. Ba5 b6 32. Bd2 Nf6 33. Qf3 Qxf3+
34. Rf2 Qxd5 35. Be3 Ng4 36. Re2 Qd1+ 37. Re1 Qf3+ 38. Kg1 Nxe3 39. c3 Qg2# 0-1

[Event "AUTO-OPEN-1707"]
[Site "http://www.queenalice.com/game.php?id=660141"]
[Date "2009.9.29"]
[Round "1"]
[White "Jimbo48"]
[Black "saturnin"]
[Result "1-0"]
[WhiteElo "1800"]
[BlackElo "1621"]

1. e4 Nc6 2. Bc4 e5 3. Nf3 Nf6 4. Nc3 d6 5. Ng5 Be6 6. Bxe6 fxe6 7. Nxe6 Qe7 8.
Ng5 O-O-O 9. d3 h6 10. Nf3 g5 11. Be3 Ng4 12. Qe2 Nxe3 13. Qxe3 a6 14. h3 Qf6
15. O-O-O b5 16. d4 exd4 17. Nxd4 Nxd4 18. Rxd4 c6 19. Rdd1 h5 20. Qb6 Bh6 21.
Qxc6+ Kb8 22. Qb6+ Kc8 23. Qxa6+ 1-0

[Event "AUTO-OPEN-1707"]
[Site "http://www.queenalice.com/game.php?id=660142"]
[Date "2009.9.29"]
[Round "1"]
[White "saturnin"]
[Black "Jimbo48"]
[Result "0-1"]
[WhiteElo "1621"]
[BlackElo "1817"]

1. e4 e5 2. c4 Nf6 3. d3 Nc6 4. Nf3 Bc5 5. Bg5 O-O 6. Qd2 Be7 7. Be3 Bb4 8. Nc3
a5 9. a3 Be7 10. Nb5 Ng4 11. Be2 Nxe3 12. Qxe3 Bf6 13. O-O Ne7 14. a4 Ng6 15.
Bd1 d6 16. Qd2 c6 17. Nc3 Nf4 18. h3 Bg5 19. Nxg5 Qxg5 20. Qxf4 Qxf4 21. Ne2 Qd2
22. Ra2 Qxd3 23. f3 Qxc4 24. Ra1 Qe6 25. g4 Qh6 26. Kg2 Qd2 27. Ra2 Be6 28. Ra1
Qxb2 0-1

[Event "AUTO-OPEN-1707"]
[Site "http://www.queenalice.com/game.php?id=660143"]
[Date "2009.9.29"]
[Round "1"]
[White "Jimbo48"]
[Black "SGF"]
[Result "1-0"]
[WhiteElo "1893"]
[BlackElo "1653"]

1. e4 e5 2. Nf3 Qf6 3. Nc3 c6 4. d3 h6 5. a3 d6 6. Be3 Be7 7. Qd2 Qg6 8. O-O-O
b5 9. d4 Nd7 10. dxe5 dxe5 11. g3 a5 12. Nh4 Bxh4 13. gxh4 Ngf6 14. Bh3 h5 15.
Bf5 Qg2 16. Rdg1 Qf3 17. Qe1 Ng4 18. Rg3 Qxh1 19. Qxh1 b4 20. axb4 a4 21. Na2 g6
22. Bxg4 hxg4 23. Rxg4 a3 24. b3 Nb6 25. Bxb6 Bxg4 26. f3 Be6 27. Qg1 Rxh4 28.
Qc5 Rxh2 29. Qxc6+ Ke7 30. Qxa8 Bxb3 31. Qa7+ Ke6 32. cxb3 Rxa2 33. Bc5 Ra1+ 34.
Kc2 Ra2+ 35. Kc3 Ra1 36. Qe7# 1-0

[Event "AUTO-OPEN-1707"]
[Site "http://www.queenalice.com/game.php?id=660144"]
[Date "2009.9.29"]
[Round "1"]
[White "SGF"]
[Black "Jimbo48"]
[Result "0-1"]
[WhiteElo "1721"]
[BlackElo "1860"]

1. e4 e5 2. Qf3 Nf6 3. Be2 Be7 4. d3 O-O 5. Qg3 g6 6. h4 Kh8 7. h5 Nxh5 8. Bxh5
gxh5 9. Bh6 Rg8 10. Qxe5+ Bf6 11. Qxh5 Rg6 12. Bg5 Qg8 13. Bxf6+ Rxf6 14. Nf3 h6
15. Qe5 Qg7 16. Qxc7 Nc6 17. Rh2 a5 18. Nc3 Rg6 19. Nd5 Qxb2 20. Rd1 Qg7 21. e5
Rxg2 22. Rxg2 Qxg2 23. Ke2 Qg4 24. c3 b5 25. Qd8+ Nxd8 26. Nf6 Qf5 27. Rh1 Qg6
28. a3 Qg7 29. Ne8 Qf8 30. Nf6 d6 31. exd6 Bf5 32. Ng5 Ra6 33. Nfe4 Bxe4 34.
Nxe4 f5 35. Ng5 Rxd6 36. Nf3 Re6+ 37. Kd2 Qg7 38. Nd4 Qg5+ 39. Kc2 Rg6 40. Nxb5
Qg2 41. Rd1 Qxf2+ 42. Rd2 Qe3 43. Nd4 Nc6 44. Nxf5 Qf4 45. Nd4 Nxd4+ 46. cxd4
Qc7+ 47. Kd1 Rg1+ 48. Ke2 Qh2+ 49. Ke3 Re1+ 50. Kf3 Qxd2 51. Kg4 Rf1 52. d5 Qg2+
53. Kh5 Rh1# 0-1

[Event "AUTO-OPEN-1707"]
[Site "http://www.queenalice.com/game.php?id=660145"]
[Date "2009.9.29"]
[Round "1"]
[White "Jimbo48"]
[Black "chesspool"]
[Result "0-1"]
[WhiteElo "1873"]
[BlackElo "1963"]

1. e4 Nf6 2. e5 Nd5 3. c4 Nb6 4. c5 Nd5 5. d4 d6 6. Bc4 e6 7. Bxd5 exd5 8. cxd6
cxd6 9. exd6 Bxd6 10. Nf3 O-O 11. O-O Nc6 12. Nc3 Be6 13. Be3 Rc8 14. Nb5 Bb8
15. Qb1 Bg4 16. Ng5 g6 17. h3 Be2 18. Nxa7 Qd6 19. g3 Bxa7 20. Re1 Nxd4 21. Bxd4
Bxd4 22. Rxe2 Qxg3+ 23. Kf1 Qxg5 24. Qd3 Bg7 25. Re3 Rc4 26. Rg3 Qh5 27. Rb1
Rfc8 28. Qe3 Rc2 29. Re1 Rxb2 30. Rg2 Rc3 31. Qg5 Qxg5 32. Rxg5 Rxh3 33. Rg1
Rxa2 34. Rd1 Rh2 35. Rg2 Rxg2 36. Kxg2 d4 37. Rb1 f5 38. Rxb7 d3 39. Rd7 d2 40.
Kf3 Bc3 41. Rd3 Rc2 42. Kg2 Rc1 0-1

[Event "AUTO-OPEN-1707"]
[Site "http://www.queenalice.com/game.php?id=660146"]
[Date "2009.9.29"]
[Round "1"]
[White "chesspool"]
[Black "Jimbo48"]
[Result "1-0"]
[WhiteElo "1938"]
[BlackElo "1901"]

1. d4 e6 2. c4 Nf6 3. Nc3 Bb4 4. Qc2 Nc6 5. Nf3 O-O 6. e3 d6 7. Be2 Ne7 8. O-O
Bd7 9. e4 h6 10. h3 c5 11. e5 dxe5 12. dxe5 Nh7 13. Ne4 Qc7 14. Rb1 Nf5 15. a3
Ba5 16. b4 Bb6 17. g4 Nd4 18. Nxd4 cxd4 19. c5 a6 20. Nd6 Ba7 21. Bd3 Ng5 22. f4
Nxh3+ 23. Kh2 Nxf4 24. Rxf4 Bc6 25. Bb2 Qe7 26. Qf2 b6 27. Bxd4 bxc5 28. bxc5
Rad8 29. Rf1 Rd7 30. Bg6 Bb8 31. Rxf7 Rxf7 32. Qxf7+ Qxf7 33. Bxf7+ Kh7 34. Bxe6
Ra7 35. Rf8 Bxd6 36. cxd6 Rb7 37. Rf7 Rb8 38. Bf5+ Kg8 39. Be6 Kh7 40. Bf5+ Kg8
41. e6 Rf8 42. Rxg7+ Kh8 43. Rg5+ 1-0

[Event "Challenge"]
[Site "http://www.queenalice.com/game.php?id=663683"]
[Date "2009.10.6"]
[Round "-"]
[White "montelo"]
[Black "Jimbo48"]
[Result "1-0"]
[WhiteElo "2057"]
[BlackElo "1883"]

1. e4 e5 2. Nf3 d6 3. Bc4 h6 4. c3 Nf6 5. d3 c6 6. Qb3 Qe7 7. Nh4 Be6 8. Bxe6
fxe6 9. Ng6 Qf7 10. Nxh8 Qd7 11. g4 Nxg4 12. f3 Nf6 13. Nd2 Na6 14. Nc4 Nc5 15.
Qa3 Qd8 16. b4 Na6 17. Na5 Qc7 18. Be3 Nb8 19. Nc4 Nbd7 20. Qb3 Nh5 21. Nd2 Nf4
22. Bxf4 exf4 23. Qxe6+ Be7 24. Rg1 Nf8 25. Qf7+ Kd7 26. Rxg7 Re8 27. Qxf4 Ne6
28. Qg4 c5 29. Ng6 cxb4 30. cxb4 Qc3 31. Rxe7+ Rxe7 32. Nxe7 Qxa1+ 33. Ke2 Kxe7
34. Qh4+ Kd7 35. Qxh6 Qxa2 36. h4 Kc6 37. Ke3 Qb2 38. Qxe6 Qxb4 39. h5 Qc5+ 40.
d4 Qxh5 41. d5+ Kc7 42. Qe7+ Kc8 43. Qxd6 Qg5+ 44. Kd3 a6 45. Qc5+ Kb8 46. Nc4
Qg3 47. Qe3 Qg7 48. Nd6 Qc7 49. e5 b6 50. f4 Qd7 51. Qxb6+ 1-0

[Event "Challenge"]
[Site "http://www.queenalice.com/game.php?id=667305"]
[Date "2009.10.14"]
[Round "-"]
[White "sunking"]
[Black "Jimbo48"]
[Result "0-1"]
[WhiteElo "1750"]
[BlackElo "1878"]

1. e4 e5 2. Bc4 d6 3. Qf3 Nf6 4. d3 Bd7 5. h3 Be7 6. Qg3 Bf8 7. Bg5 Qe7 8. Bxf6
Qxf6 9. Nf3 h6 10. O-O Nc6 11. Na3 O-O-O 12. Nh4 g6 13. Rae1 g5 14. Nf5 Kb8 15.
Bb5 h5 16. Qe3 Nd4 17. Nxd4 exd4 18. Qd2 h4 19. f3 Bh6 20. Bxd7 Rxd7 21. Nb5 a6
22. Na3 g4 23. hxg4 Bxd2 24. Rd1 Be3+ 25. Rf2 Bxf2+ 26. Kxf2 Qf4 27. c3 Qg3+ 28.
Ke2 Qxg2+ 29. Ke1 dxc3 30. bxc3 h3 31. Nc2 h2 32. Ne3 h1=Q+ 33. Nf1 Qhxf1# 0-1

[Event "Challenge"]
[Site "http://www.queenalice.com/game.php?id=667566"]
[Date "2009.10.15"]
[Round "-"]
[White "KennyB"]
[Black "Jimbo48"]
[Result "1-0"]
[WhiteElo "1931"]
[BlackElo "1853"]

1. e4 e5 2. Nf3 d6 3. d4 Nf6 4. Nc3 Be7 5. dxe5 dxe5 6. Qxd8+ Bxd8 7. Nxe5 O-O
8. Bd3 Re8 9. Nf3 Bg4 10. Bf4 Nbd7 11. O-O-O a6 12. h3 Bxf3 13. gxf3 b5 14. Rhg1
Kh8 15. Rg2 c5 16. Rdg1 g6 17. b3 c4 18. bxc4 bxc4 19. Bxc4 Kg7 20. Bd3 Nh5 21.
Be3 Bf6 22. Nd5 Rec8 23. Nxf6 Ndxf6 24. Bd4 Nf4 25. Bxf6+ Kxf6 26. e5+ Kxe5 27.
Rg5+ Kf6 28. Bf1 h6 29. Ra5 Rc3 30. Rxa6+ Rxa6 31. Bxa6 Rxf3 32. Rd1 Rxf2 33.
Bc8 Ne2+ 34. Kb2 Nf4 35. a4 Re2 36. a5 Re8 37. Bb7 Ne6 38. a6 Nc7 39. Rd7 Nxa6
40. Bxa6 h5 41. Bc4 Rf8 42. Bb3 g5 43. c4 h4 44. c5 g4 45. hxg4 h3 46. g5+ Kxg5
47. Rxf7 Rxf7 48. Bxf7 h2 49. Bd5 Kf6 50. c6 Ke7 51. Kc3 Kd6 52. Kc4 Kc7 53. Kc5
Kc8 54. Kb6 Kd8 55. Kb7 Ke7 56. c7 Kd6 57. c8=Q 1-0

[Event "Challenge"]
[Site "http://www.queenalice.com/game.php?id=670017"]
[Date "2009.10.20"]
[Round "-"]
[White "Jimbo48"]
[Black "thomas01"]
[Result "0-1"]
[WhiteElo "1870"]
[BlackElo "1662"]

1. e4 c5 2. Bc4 g6 3. Qf3 f6 4. Nc3 a6 5. Qe3 Qb6 6. e5 f5 7. Nd5 Qc6 8. b3 e6
9. Nf4 b5 10. Be2 Ne7 11. Bf3 d5 12. exd6 Qxd6 13. Bxa8 Bh6 14. g3 e5 15. Bb2
Nd7 16. Qe2 O-O 17. Nd3 Bg7 18. c3 e4 19. Nf4 Nb6 20. Bxe4 fxe4 21. Qxe4 Bf5 22.
Qe3 Bh6 23. Nf3 Nbd5 24. Qe2 Bxf4 25. gxf4 Nxf4 26. Qf1 Nd3+ 27. Kd1 Nxb2+ 28.
Kc1 Nd3+ 29. Kd1 Bg4 30. Qg2 Bxf3+ 31. Qxf3 Rxf3 32. Kc2 Nxf2 33. Rhc1 Qd3+ 34.
Kb2 Qxd2+ 35. Ka3 Nd3 36. Rcb1 a5 37. b4 Qxc3+ 38. Rb3 axb4# 0-1

[Event "Challenge"]
[Site "http://www.queenalice.com/game.php?id=681238"]
[Date "2009.11.11"]
[Round "-"]
[White "eder"]
[Black "Jimbo48"]
[Result "0-1"]
[WhiteElo "1678"]
[BlackElo "1841"]

1. d4 d5 2. c4 e6 3. Nf3 Nf6 4. Nc3 dxc4 5. e3 Bd7 6. Bxc4 Be7 7. O-O a6 8. h3
b5 9. Bd3 O-O 10. Ne5 Nc6 11. Nxd7 Qxd7 12. a3 Bd8 13. Qc2 Ne7 14. Ne4 Ng6 15.
Nc5 Qc6 16. e4 Be7 17. e5 Nh5 18. Be4 Qe8 19. Bxa8 Qxa8 20. Qe4 Qc8 21. Qg4 Nxe5
22. Qxh5 Ng6 23. Qf3 a5 24. Qc6 Bd6 25. Qxb5 Qa8 26. Qb7 Qd8 27. Qc6 h6 28. Nb7
Qa8 29. Qf3 Be7 30. Nc5 c6 0-1

[Event "Challenge"]
[Site "http://www.queenalice.com/game.php?id=686622"]
[Date "2009.11.21"]
[Round "-"]
[White "Jimbo48"]
[Black "AlmeidaChess"]
[Result "0-1"]
[WhiteElo "1869"]
[BlackElo "1781"]

1. e4 e5 2. Be2 Nf6 3. Nc3 d5 4. d3 d4 5. Nd5 Nxd5 6. exd5 Qxd5 7. Nf3 Nc6 8.
O-O Bd6 9. a3 O-O 10. Bd2 Bg4 11. c4 Qe6 12. Ng5 Bxe2 13. Qxe2 Qg6 14. b4 Rfe8
15. Ne4 f5 16. Ng3 e4 17. Qh5 Qxh5 18. Nxh5 exd3 19. f4 Re2 20. Rad1 Rae8 21.
Ng3 g6 22. Nxe2 dxe2 23. Rde1 exf1=Q+ 24. Rxf1 Re4 25. g3 Re2 26. Rd1 d3 27. c5
Be7 28. Bc3 d2 29. Bxd2 Bf6 30. h4 Nd4 31. Kf1 Rh2 32. Be3 Nc2 33. Bg1 Rh1 34.
Kg2 Ne3+ 35. Kxh1 Nxd1 36. Kg2 Kf7 37. Kf1 Nc3 38. Be3 Ne4 39. Kg2 Ke6 40. Kh3
c6 41. a4 Bc3 42. b5 Bb4 43. b6 a6 44. g4 Bxc5 45. gxf5+ Kxf5 46. Bxc5 Nxc5 47.
a5 Kxf4 48. Kg2 Nb3 49. Kf2 Nxa5 0-1

[Event "Challenge"]
[Site "http://www.queenalice.com/game.php?id=686636"]
[Date "2009.11.21"]
[Round "-"]
[White "Jimbo48"]
[Black "breizhil"]
[Result "1-0"]
[WhiteElo "1846"]
[BlackElo "1765"]

1. e4 e5 2. Nf3 Nc6 3. Be2 Nf6 4. d3 d5 5. exd5 Qxd5 6. c4 Bb4+ 7. Bd2 Bc5 8.
cxd5 Nxd5 9. O-O O-O 10. Nc3 Nf6 11. Bg5 Ng4 12. Bh4 Bf5 13. Ne4 Bd4 14. Nxd4
Nxf2 15. Rxf2 Nxd4 16. Ng3 1-0

[Event "Challenge"]
[Site "http://www.queenalice.com/game.php?id=687480"]
[Date "2009.11.23"]
[Round "-"]
[White "Jimbo48"]
[Black "trapper"]
[Result "0-1"]
[WhiteElo "1849"]
[BlackElo "1813"]

1. e4 e6 2. d3 c5 3. Nf3 Nc6 4. c3 d5 5. e5 Nge7 6. Bg5 h6 7. Bf4 g5 8. Bg3 Bg7
9. Be2 Nf5 10. Nbd2 g4 11. Ng1 h5 12. Qb3 Qb6 13. Qxb6 axb6 14. a3 Nxg3 15. hxg3
Bxe5 16. Kd1 Bd7 17. Kc1 O-O-O 18. Kc2 Ne7 19. Rd1 Ba4+ 20. Nb3 d4 21. c4 Rh6
22. Rc1 Nc6 23. Bd1 Na5 24. Kb1 Bxb3 25. Bxb3 Nxb3 26. Rc2 f5 27. Ka2 Na5 28.
Ne2 Nc6 29. f4 Bf6 30. Nc1 Kc7 31. Re1 e5 32. Rd2 h4 33. fxe5 Bxe5 34. Rf1 h3
35. gxh3 gxh3 36. Ne2 Rg8 37. Nf4 Ne7 38. Nxh3 Bxg3 39. Nf2 f4 40. Ne4 Nf5 41.
a4 Nh4 42. Rdd1 Ng2 43. Rb1 Rh2 44. Nxg3 Rxg3 45. Rfd1 Ne3 46. Re1 f3 47. Kb3 f2
48. Re2 f1=Q 49. Rxf1 Rxe2 50. Rb1 Rd2 0-1

[Event "Challenge"]
[Site "http://www.queenalice.com/game.php?id=692747"]
[Date "2009.12.4"]
[Round "-"]
[White "Aguinaldo"]
[Black "Jimbo48"]
[Result "1-0"]
[WhiteElo "1816"]
[BlackElo "1859"]

1. e4 e5 2. Nf3 d6 3. Bb5+ Bd7 4. Qe2 a6 5. Bxd7+ Qxd7 6. O-O Nf6 7. d3 Be7 8.
Bg5 Nc6 9. c3 O-O-O 10. Bxf6 Bxf6 11. Nbd2 g5 12. Nh4 gxh4 13. b4 Bg5 14. Nf3 h6
15. a4 f5 16. b5 fxe4 17. bxc6 Qxc6 18. dxe4 Qxc3 19. Nxg5 hxg5 20. Qg4+ Kb8 21.
Qxg5 Qc4 22. Qe3 Qe6 23. Ra3 Rdg8 24. Qh3 Qg6 25. Re3 Ka7 26. a5 Qf7 27. Qf3 Qa2
28. Ra3 Qe6 29. Rc3 1-0

[Event "A Bobby Ficher Homage"]
[Site "http://www.queenalice.com/game.php?id=694265"]
[Date "2009.12.7"]
[Round "-"]
[White "bobifixer"]
[Black "Jimbo48"]
[Result "0-1"]
[WhiteElo "1876"]
[BlackElo "1850"]

1. e4 e5 2. Nf3 d6 3. d4 Nf6 4. Nc3 exd4 5. Nxd4 Be7 6. Bc4 O-O 7. O-O a6 8. Bg5
b5 9. Bb3 c5 10. Bxf6 Bxf6 11. Bd5 Ra7 12. Nf3 b4 13. Ne2 Bxb2 14. Rb1 Bf6 15.
c3 bxc3 16. Rxb8 Qc7 17. Rb1 Qa5 18. h3 Bd7 19. Qc2 Ba4 20. Bb3 Bb5 21. Rfd1 c4
0-1

[Event "Challenge"]
[Site "http://www.queenalice.com/game.php?id=744645"]
[Date "2010.3.11"]
[Round "-"]
[White "boboi"]
[Black "Jimbo48"]
[Result "1-0"]
[WhiteElo "1849"]
[BlackElo "1842"]

1. e4 e5 2. Nf3 d6 3. d4 exd4 4. Qxd4 h6 5. Nc3 Nf6 6. Bb5+ Bd7 7. Bxd7+ Nbxd7
8. O-O c5 9. Qd3 Be7 10. Bf4 O-O 11. Bxd6 b6 12. Rad1 Bxd6 13. Qxd6 Re8 14. e5
Re6 15. Qd3 Nh7 16. Qxd7 Qxd7 17. Rxd7 Nf8 18. Rd5 c4 19. Rfd1 Kh7 20. Nb5 Re7
21. Nd6 a6 22. a4 c3 23. b4 Ne6 24. g3 Raa7 25. R1d3 Rac7 26. Ne4 Rc4 27. Nxc3
Rxb4 28. Rd7 Re8 29. Rxf7 Kg6 30. Rdd7 Rg8 31. Nd5 Rxa4 32. Nh4+ Kh7 33. Nf6+
Kh8 34. Ng6# 1-0

[Event "Challenge"]
[Site "http://www.queenalice.com/game.php?id=744646"]
[Date "2010.3.11"]
[Round "-"]
[White "Jimbo48"]
[Black "boboi"]
[Result "1-0"]
[WhiteElo "1826"]
[BlackElo "1838"]

1. e4 d6 2. d4 Nf6 3. Nc3 g6 4. Nf3 Bg7 5. Be2 O-O 6. O-O c6 7. e5 dxe5 8. Nxe5
Bf5 9. Be3 Nbd7 10. Nf3 Qc7 11. Nh4 Be6 12. Qd3 Nd5 13. Nxd5 cxd5 14. c3 a6 15.
Qd2 Nb6 16. Bh6 Nc4 17. Bxc4 dxc4 18. Nf3 Bd5 19. Bxg7 Kxg7 20. Qe3 Bxf3 21.
Qxf3 Rad8 22. b3 b5 23. b4 e6 24. Rfe1 Rd5 25. g4 h5 26. Re5 Rxe5 27. dxe5 Qxe5
28. gxh5 Rh8 29. Kf1 Rxh5 30. Re1 Qxh2 31. Qg2 Qd6 32. Qf3 Qd2 33. Rd1 Qxd1+ 34.
Qxd1 1-0